Statistics for Decoder: Famous Short Quotes

Click here to take the quiz!

General Stats

  • This quiz has been taken 48 times
  • The average score is 65 of 111

Answer Stats

Answer% Correct
a
100%
A
100%
o
100%
s
100%
r
97%
t
97%
d
94%
D
94%
H
94%
i
94%
n
94%
w
94%
b
92%
He
92%
l
89%
f
83%
an
81%
as
78%
in
78%
any
75%
by
75%
ro
75%
na
72%
nam
72%
name
72%
ot
72%
oth
72%
othe
72%
other
72%
wh
72%
who
72%
wo
72%
wh
69%
ros
67%
rose
67%
whi
61%
wi
61%
da
58%
De
58%
wou
58%
sw
56%
swe
56%
swee
56%
sweet.
56%
woul
56%
would
56%
sm
53%
sme
53%
smel
53%
smell
53%
tr
50%
whic
50%
which
50%
wil
50%
will
50%
st
47%
sti
44%
stil
44%
still
44%
tra
44%
al
42%
fa
42%
trav
42%
trave
42%
travel
42%
travels
39%
alo
36%
alon
36%
alone.
36%
dat
33%
fas
33%
fast
33%
faste
33%
fastes
33%
fastest
33%
date
31%
Dec
28%
Dece
28%
li
28%
liv
25%
live
25%
1
19%
Decem
19%
Decemb
19%
Decembe
19%
inf
19%
infa
19%
infam
19%
infamy...
19%
7,
17%
December
17%
19
14%
194
14%
1941--
14%

Score Distribution

Percentile by Number Answered

Percent of People with Each Score

Your Score History

You have not taken this quiz